Joueur de tennis, tennis de table ou badminton ? - Statistiques

Statistiques générales
  • Ce quiz a été pris 272 fois
  • Le résultat moyen est 23 sur 30
Statistiques - réponses
Hint Réponse % Correct
Carlos Alcaraz Tennis
93%
Roger Federer Tennis
92%
Arthur Fils Tennis
91%
Jannik Sinner Tennis
90%
Ugo Humbert Tennis
89%
Alexis Lebrun Tennis de table
88%
Casper Ruud Tennis
87%
Taylor Fritz Tennis
85%
Stefanos Tsitsipas Tennis
85%
Lorenzo Musetti Tennis
85%
Christo Popov Badminton
84%
Viktor Axelsen Badminton
82%
Alex Lanier Badminton
81%
Anders Antonsen Badminton
81%
Kunlavut Vitidsarn Badminton
80%
Simon Gauzy Tennis de table
79%
Dang Qiu Tennis de table
78%
Wang Chuqin Tennis de table
76%
Ma Long Tennis de table
75%
Jack Draper Tennis
74%
Tomokazu Harimoto Tennis de table
73%
Jonatan Christie Badminton
72%
Shi Yu Qi Badminton
69%
Li Shi Feng Badminton
69%
Lin Shidong Tennis de table
69%
Chou Tien Chen Badminton
67%
Truls Moregard Tennis de table
66%
Hugo Calderano Tennis de table
65%
Kodai Naraoka Badminton
64%
Darko Jorgic Tennis de table
52%
Aucun quiz correspondant
Distribution des résultats
% des personnes avec chaque résultat
Percentile par nombre de réponses
Votre historique - résultats
Vous n’avez pas pris ce quiz